logo

Bir Sreshtho Munshi Abdur Rouf Library
Jhenaidah Cadet College

Writing for the technical professions / (Record no. 8961)

MARC details
000 -LEADER
fixed length control field 00764pam a2200265 a 4500
001 - CONTROL NUMBER
JCCL Control Number 8961
003 - CONTROL NUMBER IDENTIFIER
JCCL marc code BD-JhCC
005 - DATE AND TIME OF LATEST TRANSACTION
control field 20180529123059.0
008 - FIXED-LENGTH DATA ELEMENTS--GENERAL INFORMATION
fixed length control field 861103s1987 caua 001 0 eng
020 ## - INTERNATIONAL STANDARD BOOK NUMBER
International Standard Book Number 0534078842
035 ## - SYSTEM CONTROL NUMBER
system control number (BD-JhCC)8961
040 ## - CATALOGING SOURCE
Original cataloging agency DLC
Transcribing agency DLC
Modifying agency DLC
-- BD-JhCC
041 ## - LANGUAGE CODE
Language code of Book eng
050 00 - LIBRARY OF CONGRESS CALL NUMBER
Classification number T11
Item number .T748 1987
082 00 - DEWEY DECIMAL CLASSIFICATION NUMBER
Classification number 808/.0666021
DDC Edition number 19
Author mark and Year TRZ 1987
100 1# - MAIN ENTRY--PERSONAL NAME
Personal name Trzyna, Thomas N.,
Dates associated with a name 1946-
245 10 - TITLE STATEMENT
Title Writing for the technical professions /
Statement of responsibility, etc Thomas N. Trzyna, Margaret W. Batschelet.
260 ## - PUBLICATION, DISTRIBUTION, ETC. (IMPRINT)
Place of publication, distribution, etc Belmont, Calif. :
Name of publisher, distributor, etc Wadsworth Pub. Co.,
Date of publication, distribution, etc c1987.
300 ## - PHYSICAL DESCRIPTION
Pagination xx, 411 p. :
Other physical details ill. ;
Dimensions 24 cm.
500 ## - GENERAL NOTE
General note Includes index.
650 #0 - SUBJECT ADDED ENTRY--TOPICAL TERM
Topical term or geographic name as entry element Technical writing.
700 1# - ADDED ENTRY--PERSONAL NAME
Personal name Batschelet, Margaret.
942 ## - ADDED ENTRY ELEMENTS (KOHA)
Source of classification or shelving scheme Dewey Decimal Classification
Koha item type Books
Holdings
Source of classification or shelving scheme Damaged status Not for loan Home library Current library Shelving location Date of accession Total Checkouts Full call number Barcode Date last seen Copy number Koha item type Date checked out
Dewey Decimal Classification     JCC Rouf Library JCC Rouf Library General Stacks 03/06/2018   808/.0666021 TRZ 1987 11955 03/06/2018 C-1 Books  
Dewey Decimal Classification     JCC Rouf Library JCC Rouf Library General Stacks 09/22/2024 1 808/.0666021 TRZ 1987 12537 09/30/2024 C - 1 Books 09/22/2024

JCC Library | Contacts | JCC Home

Last Update on 23 September 2017
Copyright @ 2017-2020 JCC Rouf Library
Rouf Library, Jhenidah Cadet College (JCC), Bangladesh